Continuous transformations in analysis : with an introduction to algebraic topology /
Guardado en:
| Autor Principal: | |
|---|---|
| Otros Autores: | |
| Formato: | Libro |
| Idioma: | English |
| Publicado: |
Berlin :
Springer,
1955.
|
| Series: | Die Grundlehren der mathematischen Wissenschaften in Einzeldarstellungen mit besonderer Berücksichtigung der Anwendungsgebiete ;
Bd. 75 |
| Etiquetas: |
Agregar Etiqueta
Sin Etiquetas, Sea el primero en etiquetar este registro!
|
| LEADER | 00679nam a22001695a 4500 | ||
|---|---|---|---|
| 001 | MAT.inmabb000822 | ||
| 008 | 031119s1955####gw############001#0#eng#d | ||
| 005 | 20130416165402.0 | ||
| 245 | 1 | 0 | |a Continuous transformations in analysis : |b with an introduction to algebraic topology / |c by T. Rado and P.V. Reichelderfer. |
| 260 | |a Berlin : |b Springer, |c 1955. | ||
| 300 | |a vi, 441 p. ; |c cm. | ||
| 440 | 4 | |a Die Grundlehren der mathematischen Wissenschaften in Einzeldarstellungen mit besonderer Berücksichtigung der Anwendungsgebiete ; |v Bd. 75 | |
| 510 | 4 | |a MR, |c 18,115c | |
| 100 | 1 | |a Radó, Tibor. | |
| 700 | 1 | |a Reichelderfer, P.V. | |
| 084 | |a 26 |2 msc2000 | ||
| 859 | |h 26 |i R131 |p A-644 |b BIB. MATEMATICA | ||
